| 000 | 01279nam a2200241Ia 4500 | ||
|---|---|---|---|
| 003 | Ost | ||
| 005 | 20260507075639.0 | ||
| 008 | 260507s9999||||xx |||||||||||||| ||und|| | ||
| 020 | _a977025315 | ||
| 040 | _cfsecg | ||
| 041 | _aara | ||
| 082 | _a338.7 | ||
| 100 |
_aماضي، محمد توفيق _eمؤلف |
||
| 245 | 0 |
_aإدارة وجدولة المشاريع : _bخطوات تخطيط وتنظيم وجدولة مراحل تنفيذ المشروع وكيفية الرقابة عليها / _c محمد توفيق ماضي |
|
| 260 |
_aالإسكندرية: _bالدار الجامعية, _c2000 |
||
| 300 |
_a341 صفحة؛ _bإيضاحات ؛ _c24 سم |
||
| 504 | _aالمراجع ص.339 | ||
| 520 | _aمشكلة ادارة المشروع،أسلوب المسار الحرج،تخفيض وقت اتمام المشروع،استخدام البرمجة الخطية،اسلوب وتقييم مراجعة البرنامجPERT ،ضبط التكاليف في ضل أسلوب الجدولة الفعلية للمشروع،ادارة المواد في المشروع الكبير،استخدام الكمبيوتر في شبكة الاعمال. | ||
| 653 | _aإدراة المشاريع | ||
| 653 | _aالتخطيط | ||
| 653 | _aالمشروعات | ||
| 942 | _cكتاب | ||
| 999 |
_c45373 _d45373 |
||